[Event "BIH-chT 13th"]
[Site "Neum"]
[Date "2014.06.13"]
[Round "7.4"]
[White "Salihovic, Amar"]
[Black "Radovic, Marinko"]
[Result "1-0"]
[WhiteElo "2277"]
[BlackElo "2027"]
[PlyCount "53"]
[EventDate "2014.06.07"]
[EventType "team-tourn"]
[EventRounds "9"]
[EventCountry "BIH"]
[SourceTitle "CBM 160 Extra"]
[Source "ChessBase"]
[SourceDate "2014.07.01"]
[SourceVersion "1"]
[SourceVersionDate "2014.07.01"]
[SourceQuality "1"]
[WhiteTeam "Bihac"]
[BlackTeam "Sokolac"]
[WhiteTeamCountry "BIH"]
[BlackTeamCountry "BIH"]

1. e4 e5 2. Nf3 Nc6 3. Bc4 h6 4. 0-0 Nf6 5. d4 d6 6. dxe5 dxe5 7. Qxd8+ Nxd8 8. Nxe5 Be6 9. Nc3 Bd6 10. Bxe6 Bxe5 11. Bb3 Bxc3 12. bxc3 Ne6 13. f3 0-0 14. Be3 b6 15. Rad1 Rad8 16. Rd3 c5 17. Rfd1 Rxd3 18. cxd3 Nc7 19. d4 Nb5 20. dxc5 Nxc3 21. Rd3 Nb5 22. cxb6 axb6 23. Bxb6 Rc8 24. Rd8+ Rxd8 25. Bxd8 Kf8 26. Kf2 Ke8 27. Bxf6 1-0

[Event "BIH-chT 13th"]
[Site "Neum"]
[Date "2014.06.10"]
[Round "4.2"]
[White "Terzic, Safet"]
[Black "Salihovic, Amar"]
[Result "1/2-1/2"]
[WhiteElo "2236"]
[BlackElo "2277"]
[PlyCount "52"]
[EventDate "2014.06.07"]
[EventType "team-tourn"]
[EventRounds "9"]
[EventCountry "BIH"]
[SourceTitle "CBM 160 Extra"]
[Source "ChessBase"]
[SourceDate "2014.07.01"]
[SourceVersion "1"]
[SourceVersionDate "2014.07.01"]
[SourceQuality "1"]
[WhiteTeam "Zenica"]
[BlackTeam "Bihac"]
[WhiteTeamCountry "BIH"]
[BlackTeamCountry "BIH"]

1. d4 Nf6 2. c4 g6 3. Nc3 Bg7 4. e4 d6 5. Nf3 0-0 6. Be2 Na6 7. 0-0 e5 8. d5 Nc5 9. Qc2 a5 10. Ne1 Ne8 11. Be3 f5 12. f3 b6 13. Nd3 f4 14. Bxc5 dxc5 15. a4 Nd6 16. b3 g5 17. Nf2 h5 18. Nb5 Rf6 19. b4 Nb7 20. Rfd1 Bf8 21. bxa5 Rxa5 22. g4 Bd6 23. h3 Qe7 24. Ra3 Nd8 25. Nc3 Nf7 26. Nb1 Nh6 1/2-1/2

[Event "Sarajevo Bosna op-B 44th"]
[Site "Sarajevo"]
[Date "2014.06.05"]
[Round "8"]
[White "Salihovic, Amar"]
[Black "Vajic, Goran"]
[Result "1/2-1/2"]
[WhiteElo "2277"]
[BlackElo "2265"]
[PlyCount "112"]
[EventDate "2014.05.30"]
[EventType "swiss"]
[EventRounds "9"]
[EventCountry "BIH"]
[SourceTitle "CBM 160 Extra"]
[Source "ChessBase"]
[SourceDate "2014.07.01"]
[SourceVersion "1"]
[SourceVersionDate "2014.07.01"]
[SourceQuality "1"]

1. e4 e5 2. Nf3 Nc6 3. Bc4 Be7 4. d4 d6 5. h3 Nf6 6. Nc3 0-0 7. 0-0 a6 8. a4 Bd7 9. Re1 Qb8 10. Nd5 exd4 11. Nxe7+ Nxe7 12. Nxd4 Ng6 13. Bg5 Qd8 14. Qf3 Ne5 15. Qb3 h6 16. Bh4 Rb8 17. f4 Ng6 18. Qg3 Nxh4 19. Qxh4 b5 20. axb5 axb5 21. Ba2 c5 22. e5 dxe5 23. fxe5 cxd4 24. exf6 Qxf6 25. Qxf6 gxf6 26. Rad1 Bf5 27. Rxd4 Bxc2 28. Re7 Bg6 29. Rdd7 Rbe8 30. Rxe8 Rxe8 31. Kf2 Re5 32. Rb7 Kg7 33. Bb3 h5 34. h4 Kf8 35. g3 Kg7 36. Ba2 Be4 37. Rxf7+ Kg6 38. Rd7 Kf5 39. Rd4 Kg4 40. Bb1 f5 41. Bd3 Kh3 42. Bf1+ Kh2 43. Be2 Bg2 44. Rb4 Bc6 45. Rf4 Be8 46. b4 Rd5 47. Rf3 Bg6 48. Bd3 Bh7 49. Be2 Rd2 50. Ke1 Rb2 51. Bxb5 Rxb4 52. Bd3 Rb3 53. Be2 Rxf3 54. Bxf3 Kxg3 55. Bxh5 f4 56. Bd1 f3 1/2-1/2

[Event "Sarajevo Bosna op-B 44th"]
[Site "Sarajevo"]
[Date "2014.06.03"]
[Round "6"]
[White "Salihovic, Amar"]
[Black "Mrndjic, Muamer"]
[Result "1/2-1/2"]
[WhiteElo "2277"]
[BlackElo "2261"]
[PlyCount "67"]
[EventDate "2014.05.30"]
[EventType "swiss"]
[EventRounds "9"]
[EventCountry "BIH"]
[SourceTitle "CBM 160 Extra"]
[Source "ChessBase"]
[SourceDate "2014.07.01"]
[SourceVersion "1"]
[SourceVersionDate "2014.07.01"]
[SourceQuality "1"]

1. e4 c5 2. Nc3 Nc6 3. g3 g6 4. Bg2 Bg7 5. d3 d6 6. Be3 Nf6 7. h3 0-0 8. Nge2 a6 9. 0-0 Rb8 10. Qd2 b5 11. Bh6 Bb7 12. Bxg7 Kxg7 13. a3 e6 14. Rab1 Qc7 15. Nd1 d5 16. exd5 exd5 17. d4 Ne4 18. Bxe4 dxe4 19. Ne3 cxd4 20. Nxd4 Rbd8 21. Nef5+ Kh8 22. Qh6 Rg8 23. Nxc6 Bxc6 24. Ne3 Qe5 25. b3 Rd6 26. Rbd1 Re6 27. Ng4 Qc5 28. Qe3 Qxe3 29. Nxe3 f5 30. Rd4 Kg7 31. Rfd1 Rge8 32. Kf1 Kf6 33. h4 h6 34. c4 1/2-1/2

[Event "Sarajevo Bosna op-B 43rd"]
[Site "Sarajevo"]
[Date "2013.06.08"]
[Round "9"]
[White "Salihovic, Amar"]
[Black "Bratkovic, Sham"]
[Result "1-0"]
[WhiteElo "2229"]
[BlackElo "1980"]
[PlyCount "95"]
[EventDate "2013.06.01"]
[EventType "swiss"]
[EventRounds "9"]
[EventCountry "BIH"]
[SourceTitle "CBM 154 Extra"]
[Source "ChessBase"]
[SourceDate "2013.06.25"]
[SourceVersion "2"]
[SourceVersionDate "2013.06.25"]
[SourceQuality "1"]

1. e4 c5 2. Nf3 Nc6 3. Bb5 Na5 4. 0-0 a6 5. Be2 e6 6. c3 Nf6 7. e5 Nd5 8. d4 cxd4 9. Qxd4 d6 10. Rd1 dxe5 11. Qxe5 Nc6 12. Qe4 f5 13. Qa4 Qc7 14. Na3 Be7 15. Bg5 0-0 16. Bxe7 Qxe7 17. Re1 Nf6 18. Qf4 b5 19. Nc2 e5 20. Qe3 f4 21. Qb6 Nd5 22. Bc4 bxc4 23. Qxc6 Bb7 24. Qxc4 Rac8 25. Qd3 e4 26. Rxe4 Qc5 27. Re5 Qc6 28. Ncd4 Qb6 29. Re2 Nf6 30. Rae1 Qa5 31. Re7 Bd5 32. a3 Qb6 33. b4 Bc4 34. Qc2 Bf7 35. Ne6 Rfe8 36. Rxe8+ Rxe8 37. Nc5 Rd8 38. Ng5 Bd5 39. c4 h6 40. Nh3 Ba8 41. Nxf4 Qd6 42. Nce6 Re8 43. h3 Re7 44. Rd1 Qc6 45. Qg6 Nd7 46. Rd3 Qxc4 47. Rxd7 Bxg2 48. Rd8+ 1-0

[Event "Sarajevo Bosna op-B 43rd"]
[Site "Sarajevo"]
[Date "2013.06.02"]
[Round "2"]
[White "Zlobec, Srdjan"]
[Black "Salihovic, Amar"]
[Result "0-1"]
[WhiteElo "2045"]
[BlackElo "2229"]
[PlyCount "134"]
[EventDate "2013.06.01"]
[EventType "swiss"]
[EventRounds "9"]
[EventCountry "BIH"]
[SourceTitle "CBM 154 Extra"]
[Source "ChessBase"]
[SourceDate "2013.06.25"]
[SourceVersion "2"]
[SourceVersionDate "2013.06.25"]
[SourceQuality "1"]

1. d4 Nf6 2. Nf3 g6 3. h3 Bg7 4. Bf4 d6 5. e3 0-0 6. Be2 c5 7. c3 b6 8. 0-0 Bb7 9. Nbd2 Nbd7 10. a4 cxd4 11. cxd4 Nd5 12. Bh2 a5 13. Qb3 Nb4 14. Rfc1 Nf6 15. Ne1 Rc8 16. Nc2 Nxc2 17. Rxc2 Rxc2 18. Qxc2 Qa8 19. Bf1 Rc8 20. Qb3 Bd5 21. Qxb6 Rc2 22. Rd1 Be6 23. Bd3 Nd5 24. Qb5 Nc7 25. Qg5 Bf6 26. Qh6 Rxb2 27. Ne4 Bg7 28. Qh4 f6 29. Nc3 Qc6 30. Nb5 Bb3 31. Ra1 Nxb5 32. Bxb5 Qc2 33. Bg3 h5 34. Be8 Kf8 35. Bb5 Bh6 36. Bxd6 Bg5 37. Qg3 h4 38. Bxe7+ Kxe7 39. Qf3 f5 40. Qb7+ Kf8 41. Rf1 Rb1 42. Qb8+ Kg7 43. Qb7+ Bf7 44. Rxb1 Qxb1+ 45. Kh2 Qc2 46. Be8 Qc4 47. Qa7 Bd8 48. Bxf7 Qc7+ 49. Qxc7 Bxc7+ 50. g3 Kxf7 51. Kg2 hxg3 52. fxg3 Ke6 53. Kf3 Kd5 54. g4 Bd6 55. gxf5 gxf5 56. h4 Bf8 57. Kf4 Bh6+ 58. Kxf5 Bxe3 59. h5 Kxd4 60. Ke6 Kc4 61. Ke5 Kb4 62. Ke4 Bh6 63. Kd3 Bg7 64. Kc2 Kxa4 65. Kb1 Kb3 66. Kc1 a4 67. Kb1 a3 0-1

[Event "BIH-chT1B"]
[Site "Neum"]
[Date "2012.08.25"]
[Round "1.4"]
[White "Komadaric, Edin"]
[Black "Salihovic, Amar"]
[Result "0-1"]
[WhiteElo "2129"]
[BlackElo "2172"]
[PlyCount "90"]
[EventDate "2012.08.25"]
[EventType "team-tourn"]
[EventRounds "9"]
[EventCountry "BIH"]
[SourceTitle "CBM 150 Extra"]
[Source "ChessBase"]
[SourceDate "2012.10.19"]
[SourceVersion "1"]
[SourceVersionDate "2012.10.19"]
[SourceQuality "1"]

1. e4 e6 2. d4 d5 3. exd5 exd5 4. Nf3 Nf6 5. c3 Bd6 6. Bd3 0-0 7. 0-0 Bg4 8. Bg5 c6 9. Nbd2 Nbd7 10. Qc2 Qc7 11. h3 Bh5 12. Rae1 Bg6 13. Bxg6 hxg6 14. Qd3 Rfe8 15. Rxe8+ Rxe8 16. Re1 Rxe1+ 17. Nxe1 Nh7 18. Be3 Qb6 19. b3 Nhf8 20. c4 Bb4 21. Nc2 Bxd2 22. Bxd2 dxc4 23. Qxc4 Nf6 24. a4 Ne6 25. a5 Qc7 26. b4 a6 27. Ne1 Qd6 28. Nf3 Ne4 29. Be3 Nc7 30. Ne5 Nd5 31. f3 Nef6 32. Bd2 Nd7 33. Nd3 Qe7 34. Nc5 Nxc5 35. bxc5 Nc7 36. Qd3 Qd8 37. Qe4 Nb5 38. Be3 Qxa5 39. Qe7 Qc7 40. Qe8+ Kh7 41. Qe4 Nc3 42. Qh4+ Kg8 43. Bg5 Nd5 44. Qe4 Qd7 45. g4 Nc3 0-1

[Event "Topusko op"]
[Site "Topusko"]
[Date "2012.08.07"]
[Round "4"]
[White "Salihovic, Amar"]
[Black "Matovic, Petar"]
[Result "1-0"]
[WhiteElo "2176"]
[BlackElo "2222"]
[PlyCount "65"]
[EventDate "2012.08.04"]
[EventType "swiss"]
[EventRounds "7"]
[EventCountry "CRO"]
[SourceTitle "EXT 2013"]
[Source "ChessBase"]
[SourceDate "2012.11.22"]
[SourceVersion "1"]
[SourceVersionDate "2012.11.22"]
[SourceQuality "1"]

1. e4 d5 2. exd5 Qxd5 3. Nc3 Qe5+ 4. Be2 c6 5. d4 Qc7 6. Nf3 Bg4 7. Ne5 Bxe2 8. Qxe2 Nf6 9. Bf4 Qd8 10. 0-0-0 e6 11. Rhe1 Bb4 12. Nxf7 Kxf7 13. Qxe6+ Kf8 14. a3 Be7 15. d5 Qd7 16. Qe3 Qe8 17. Bxb8 Rxb8 18. Qf4 g5 19. Qc7 Rc8 20. Qe5 Qf7 21. d6 Bd8 22. Ne4 h6 23. d7 Ra8 24. Rd6 Kg7 25. Re6 Rf8 26. Rd1 Kg8 27. Rdd6 Ng4 28. Qd4 Bb6 29. Qd3 Bxf2 30. Rg6+ Kh8 31. Kb1 Bb6 32. Qc3+ Kh7 33. Nxg5+ 1-0

[Event "AUT-chT2M 1112"]
[Site "Austria"]
[Date "2011.12.03"]
[Round "5.6"]
[White "Singer, Hans"]
[Black "Salihovic, Amar"]
[Result "1/2-1/2"]
[WhiteElo "2260"]
[BlackElo "2195"]
[PlyCount "91"]
[EventDate "2011.10.21"]
[EventType "team-tourn"]
[EventRounds "11"]
[EventCountry "AUT"]
[SourceTitle "EXT 2013"]
[Source "ChessBase"]
[SourceDate "2012.11.22"]
[SourceVersion "1"]
[SourceVersionDate "2012.11.22"]
[SourceQuality "1"]
[WhiteTeam "Die Klagenfurter"]
[BlackTeam "St Veit/Glan"]
[WhiteTeamCountry "AUT"]
[BlackTeamCountry "AUT"]

1. Nf3 Nf6 2. c4 g6 3. Nc3 c5 4. g3 b6 5. Bg2 Bg7 6. 0-0 Bb7 7. Re1 Nc6 8. e4 Ng4 9. d3 d6 10. h3 Nge5 11. Be3 Qd7 12. Nh2 Nb4 13. Bf1 0-0 14. a3 Na6 15. f4 Nc6 16. Nf3 Nc7 17. Rb1 Ne6 18. Bf2 Ned4 19. Bg2 Rab8 20. Nxd4 Bxd4 21. Bxd4 Nxd4 22. Ne2 e5 23. Nxd4 cxd4 24. Qd2 f6 25. Rf1 Rbe8 26. Rbe1 b5 27. fxe5 dxe5 28. c5 Bc6 29. b4 h6 30. Qxh6 Qg7 31. Qd2 Rf7 32. Rf2 Kh7 33. Ref1 Ref8 34. Kh2 Qh6 35. Qxh6+ Kxh6 36. Bf3 a5 37. Bd1 a4 38. Bf3 f5 39. exf5 Bxf3 40. Rxf3 gxf5 41. h4 Kg6 42. Kg2 Rf6 43. Re1 Re8 44. Ref1 Ree6 45. Re1 Re8 46. Ref1 1/2-1/2

[Event "BIH-chT1"]
[Site "Tuzla"]
[Date "2010.07.22"]
[Round "7"]
[White "Salihovic, Amar"]
[Black "Stavnjak, Lazar"]
[Result "1/2-1/2"]
[WhiteElo "2100"]
[BlackElo "2254"]
[PlyCount "108"]
[EventDate "2010.07.18"]
[EventType "team-swiss"]
[EventRounds "9"]
[EventCountry "BIH"]
[SourceTitle "CBM 137 Extra"]
[Source "ChessBase"]
[SourceDate "2010.09.01"]
[SourceVersion "1"]
[SourceVersionDate "2010.09.01"]
[SourceQuality "1"]

1. e4 e6 2. f4 d5 3. e5 c5 4. Nf3 Nc6 5. c3 Bd7 6. Na3 f6 7. Nc2 Rc8 8. d4 cxd4 9. cxd4 Qb6 10. Bd3 f5 11. 0-0 Be7 12. Bd2 Nh6 13. h3 Nf7 14. g4 g6 15. gxf5 gxf5 16. Kh2 0-0 17. Bc3 Kh8 18. Qd2 Rg8 19. Rg1 Rcf8 20. Rac1 Qd8 21. Nb4 Rxg1 22. Rxg1 Rg8 23. Nxc6 Bxc6 24. Rxg8+ Qxg8 25. Bb4 Qf8 26. Bxe7 Qxe7 27. Qc3 Kg7 28. Be2 Qd7 29. Qb4 a6 30. Qb6 h6 31. Ne1 Qd8 32. Qb3 Qh4 33. Ng2 Qe7 34. Bh5 Nh8 35. Qg3+ Kf8 36. Qc3 Kg7 37. b4 Be8 38. Bf3 Ng6 39. Kg3 Nxf4 40. Nxf4 Qg5+ 41. Bg4 Bf7 42. Qc7 Kg8 43. Qc8+ Kg7 44. Qxe6 fxg4 45. Qxg4 Kf8 46. Qxg5 hxg5 47. Nd3 Be6 48. h4 gxh4+ 49. Kxh4 Ke7 50. Kg5 b6 51. a4 a5 52. bxa5 bxa5 53. Nc5 Bc8 54. Kf4 Bh3 1/2-1/2

[Event "BIH-chT 9th"]
[Site "Bihac"]
[Date "2010.06.11"]
[Round "7"]
[White "Dizdarevic, Emir"]
[Black "Salihovic, Amar"]
[Result "1-0"]
[WhiteElo "2498"]
[BlackElo "2085"]
[PlyCount "71"]
[EventDate "2010.06.05"]
[EventType "team-tourn"]
[EventRounds "9"]
[EventCountry "BIH"]
[SourceTitle "EXT 2019"]
[Source "ChessBase"]
[SourceDate "2018.10.10"]
[SourceVersion "1"]
[SourceVersionDate "2018.10.10"]
[SourceQuality "1"]
[WhiteTeam "Bihac"]
[BlackTeam "Sarajevo SK Slavija Istocno"]
[WhiteTeamCountry "BIH"]
[BlackTeamCountry "BIH"]

1. Nf3 d5 2. e3 Nf6 3. c4 c6 4. Qc2 e6 5. b3 Nbd7 6. Bb2 Bd6 7. Nc3 0-0 8. Be2 Re8 9. 0-0 b6 10. d4 Bb7 11. Rad1 Rc8 12. e4 dxe4 13. Nxe4 Nxe4 14. Qxe4 f6 15. c5 Bb8 16. Bc4 Nf8 17. b4 Qc7 18. Rfe1 Rcd8 19. g3 b5 20. Bb3 Bc8 21. Bc1 g5 22. h4 h6 23. hxg5 hxg5 24. Kg2 Kg7 25. Bc2 f5 26. Qe3 f4 27. gxf4 Qxf4 28. Qe4 Qxe4 29. Bxe4 g4 30. Ne5 Bxe5 31. dxe5 Rd5 32. Bg5 Ng6 33. Bf6+ Kf7 34. Kg3 Bd7 35. Rh1 Nxe5 36. Bxe5 1-0

[Event "BIH-chT 9th"]
[Site "Bihac"]
[Date "2010.06.07"]
[Round "3"]
[White "Popovic, Emir"]
[Black "Salihovic, Amar"]
[Result "0-1"]
[WhiteElo "1831"]
[BlackElo "2085"]
[PlyCount "62"]
[EventDate "2010.06.05"]
[EventType "team-tourn"]
[EventRounds "9"]
[EventCountry "BIH"]
[SourceTitle "EXT 2019"]
[Source "ChessBase"]
[SourceDate "2018.10.10"]
[SourceVersion "1"]
[SourceVersionDate "2018.10.10"]
[SourceQuality "1"]
[WhiteTeam "Gorazde"]
[BlackTeam "Sarajevo SK Slavija Istocno"]
[WhiteTeamCountry "BIH"]
[BlackTeamCountry "BIH"]

1. e4 e6 2. d4 d5 3. Nc3 Nf6 4. Bg5 Be7 5. e5 Nfd7 6. Bxe7 Qxe7 7. f4 a6 8. Nf3 c5 9. Bd3 Nc6 10. dxc5 Qxc5 11. Qd2 b5 12. 0-0-0 b4 13. Na4 Qa5 14. b3 Nc5 15. Nxc5 Qxc5 16. Kb2 a5 17. c4 bxc3+ 18. Qxc3 Qxc3+ 19. Kxc3 Ba6 20. Bxa6 Rxa6 21. Nd4 Kd7 22. Rc1 Rc8 23. Nxc6 Raxc6+ 24. Kd2 f6 25. Rxc6 Rxc6 26. Rc1 fxe5 27. Rxc6 Kxc6 28. fxe5 d4 29. a4 Kd5 30. b4 axb4 31. Kd3 b3 0-1